ការការពារគ្រាប់ធញ្ញជាតិពីការបំផ្លាញរបស់សត្វស្អិត (Record no. 317)
[ view plain ]
| 000 -LEADER | |
|---|---|
| fixed length control field | 00516nam a22001577a 4500 |
| 003 - CONTROL NUMBER IDENTIFIER | |
| control field | OSt |
| 005 - DATE AND TIME OF LATEST TRANSACTION | |
| control field | 20150912150925.0 |
| 008 - FIXED-LENGTH DATA ELEMENTS--GENERAL INFORMATION | |
| fixed length control field | 150912b xxu||||| |||| 00| 0 eng d |
| 040 ## - CATALOGING SOURCE | |
| Transcribing agency | RUA |
| 082 ## - DEWEY DECIMAL CLASSIFICATION NUMBER | |
| Classification number | AGR ប៉ែន 1995 B015 Or.1 |
| 100 ## - MAIN ENTRY--PERSONAL NAME | |
| 9 (RLIN) | 339 |
| Personal name | ប៉ែន ជា |
| 245 ## - TITLE STATEMENT | |
| Title | ការការពារគ្រាប់ធញ្ញជាតិពីការបំផ្លាញរបស់សត្វស្អិត |
| 260 ## - PUBLICATION, DISTRIBUTION, ETC. (IMPRINT) | |
| Place of publication, distribution, etc. | Phnom Penh |
| Name of publisher, distributor, etc. | RUA |
| Date of publication, distribution, etc. | 1995 |
| 300 ## - PHYSICAL DESCRIPTION | |
| Extent | 77p. |
| Other physical details | ill. |
| Dimensions | 29cm. |
| 942 ## - ADDED ENTRY ELEMENTS (KOHA) | |
| Source of classification or shelving scheme | |
| Koha item type | AGR |
| Price effective from | Date last seen | Permanent Location | Not for loan | Date acquired | Source of classification or shelving scheme | Koha item type | Barcode | Lost status | Damaged status | Shelving location | Withdrawn status | Current Location | Full call number |
|---|---|---|---|---|---|---|---|---|---|---|---|---|---|
| 2015-09-12 | 2015-09-12 | Library Block B | 2015-09-12 | AGR | RUA004499 | B015 | Library Block B | AGR ប៉ែន 1995 B015 Or.1 | |||||
| 2015-09-12 | 2015-09-12 | Library Block B | 2015-09-12 | AGR | RUA004216 | B015 | Library Block B | AGR ប៉ែន 1995 B015 Or.2 | |||||
| 2015-09-12 | 2015-09-12 | Library Block B | 2015-09-12 | AGR | RUA004500 | B015 | Library Block B | AGR ប៉ែន 1995 B015 Or.3 | |||||
| 2015-09-12 | 2015-09-12 | Library Block B | 2015-09-12 | AGR | RUA004428 | B015 | Library Block B | AGR ប៉ែន 1995 B015 Or.4 | |||||
| 2015-09-12 | 2015-09-12 | Library Block B | 2015-09-12 | AGR | RUA004218 | B015 | Library Block B | AGR ប៉ែន 1995 B015 Or.5 | |||||
| 2015-09-12 | 2015-09-12 | Library Block B | 2015-09-12 | AGR | RUA004430 | B015 | Library Block B | AGR ប៉ែន 1995 B015 Or.6 | |||||
| 2015-09-12 | 2015-09-12 | Library Block B | 2015-09-12 | AGR | RUA003972 | B015 | Library Block B | AGR ប៉ែន 1995 B015 Or.7 | |||||
| 2015-09-12 | 2015-09-12 | Library Block B | 2015-09-12 | AGR | RUA003966 | B015 | Library Block B | AGR ប៉ែន 1995 B015 Or.8 |